000 00485nam a2200181Ia 4500
001 4220
005 20260306145740.0
008 260306t2020||||xx |||||||||||||| ||spa||
041 _aESP
082 _a320.01
_bT74
100 _aTorre Díaz, Francisco Javier de la
_eAUT
245 0 _aAlasdair Macintyre:
_brelecturas iberoamericanas, recepción y proyecciones
260 _c2020
300 _a323 páginas :
_c24 cm.
650 _aGEN
654 _aCDE
942 _cLIB
_dJUS
_fJUS
_2ddc
_n
999 _c4220
_d4220